000 00598nam a22002297a 4500
001 65178
003 UA-OsUOA
005 20201019182018.0
007 ta
008 20091117b un ||||| |||| 00| 0 ukr d
040 _aUA-OsUOA
_bukr
_cUA-OsUOA
_dUA-OsUOA
041 _aukr
080 _a821.161.2
090 _a821.161.2
_bС50
100 _aСмілянський Л.
245 _aПоетова молодість
_bроман
260 _aК.
_c1960
300 _a334 с.
650 7 _a82 Література. Літературознавство
_2UDC
942 _cBK
_2udc
955 _a2
999 _c351298
_d351298